| LEADER 00000nama 2200000uu 4500 |
| 001 192711 |
| 003 ULIBM |
| 008 040531s|||| th m m a000 0 tha d |
| 020 974-506-560-9 |
| 041 tha |
| 050 วจ WX153 ค759ค 2548 |
| 100 เครือวัลย์ เก้าเอี้ยน และกนกนาค หงสกุล. |
| 245 ความพอใจต่อคุณภาพและบริการอาหารสำหรับผู้ป่วยโดยเอกชนเป็นผู้ดำเนินการแบบจ้างเหมา : กรณีศึกษาเฉพาะโรงพยาบาลสังกัดสำนักงานปลัดกระทรวงสาธารณสุขที่ได้โอนให้เอกชนดำเนินการแบบจ้างเหมา. |
| 260 นนทบุรี. สำนักพัฒนาระบบบริการสุขภาพ. 2548. |
| 300 57 หน้า. |
| 600 โรงพยาบาล--ความพอใจของผู้ใช้บริการ. |
| 650 บริการของโรงพยาบาล--ไทย. |
| 995 004 |